=LDR 00000nam 2200000 4500 =001 000215 =005 20250711024423 =035 ##$$a 0010-0725000023 =245 1#$$a Balap Mobil : $b tidak ada /$c Kanchan Bannerjee =100 #$$a Bannerjee,Kanchan =250 ##$$a pertama =300 ##$$a 14hlm. : $b ilus. ; $c 22,9cm =856 ##$$a TBM AS-SYUHADA =700 #$$a Kavya Singh =700 #$$a Natasha Mehra =260 ##$$a Jakarta Timur :$b Badan Pengembangan dan Pembinaan Bahasa,$c 2022 =082 ##$$a 398.209 598 =008 250711###########################0###### =084 ##$$a 398.209 598 BAN b =990 ##$$a TBM202500025